| 000 | 00961nam a22002537a 4500 | ||
|---|---|---|---|
| 005 | 20170124103032.0 | ||
| 010 | _aA-930630 | ||
| 020 |
_c80.00 _a8185244391 |
||
| 035 | _aA-930630 | ||
| 037 | _bCen Lib/Ret | ||
| 040 |
_aDPL _bHN |
||
| 082 |
_aक _bगोयल |
||
| 100 |
_aगोयल, सतोष _964325 |
||
| 245 |
_aझूला / _cसतोष गोयल |
||
| 246 |
_aJhoola / _bby Santosh Goyal |
||
| 260 |
_aनयी दिल्ली _bहिंदी बुक सेंटर _c1998 |
||
| 270 |
_a4/5-बी, असफ अली रोड _bनयी दिल्ली _e110002 |
||
| 300 |
_a100पृ. _c19सेमी (सजिल्द) |
||
| 650 |
_aहिंदी साहित्य _964326 |
||
| 650 |
_aहिंदी साहित्य _xकहानियां _964327 |
||
| 650 |
_aHindi literature _964328 |
||
| 650 |
_aHindi literature _xStories _964329 |
||
| 942 |
_2ddc _cHN _hक _mगोयल |
||
| 999 |
_c116001 _d116001 |
||